The life and works of Giorgio Giulio Clovio, miniaturist (Record no. 152610)

MARC details
000 -LEADER
campo de control de longitud fija 00891nam a2200205 i 4500
001 - NÚMERO DE CONTROL
campo de control 152610
003 - IDENTIFICADOR DE NÚMERO DE CONTROL
campo de control ES-MaACL
005 - FECHA Y HORA DE LA ÚLTIMA TRANSACCIÓN
campo de control 20251103200246.0
008 - DATOS DE LONGITUD FIJA--INFORMACIÓN GENERAL
campo de control de longitud fija 051014s1891 xxkaf |||| |beng d
080 ## - NÚMERO DE LA CLASIFICACIÓN DECIMAL UNIVERSAL
Número de la Clasificación Decimal Universal 75 Clovio, Giulio
100 1# - ENTRADA PRINCIPAL--NOMBRE DE PERSONA
Nombre de persona Bradley, John W.
9 (RLIN) 31260
245 14 - MENCIÓN DEL TÍTULO
Título The life and works of Giorgio Giulio Clovio, miniaturist
Resto del título : with notices of his contemporaines and of the art of book decoration in the Sixteenth Century /
Mención de responsabilidad, etc. by John W. Bradley ; with eighteen plates.
260 ## - PUBLICACIÓN, DISTRIBUCIÓN, ETC.
Lugar de publicación, distribución, etc. London :
Nombre del editor, distribuidor, etc. Bernard Quaritch,
Fecha de publicación, distribución, etc. 1891 (
Fabricante G. Norman and Son)
300 ## - DESCRIPCIÓN FÍSICA
Extensión XXVIII, 400 p. , [18] h. de lám. :
Otras características físicas il. ;
Dimensiones 24 cm.
530 ## - NOTA DISPONIBLE DE FORMULARIO FÍSICO ADICIONAL
Nota de formato físico adicional disponible Disponible en formato digital.
600 17 - PUNTO DE ACCESO ADICIONAL DE MATERIA--NOMBRE DE PERSONA
Nombre de persona Clovio, Giulio,
Fechas asociadas al nombre 1498-1578
Fuente del encabezamiento o término
9 (RLIN) 147983
852 ## - LOCALIZACIÓN
Ubicación ES-MaACL
Número de control de estantería G-4014
Nota libre - Enc. hol.
856 ## - LOCALIZACIÓN Y ACCESO ELECTRÓNICOS
Identificador Uniforme de Recursos <a href="https://archive.org/details/lifeandworksgio00bradgoog/page/n8 ">https://archive.org/details/lifeandworksgio00bradgoog/page/n8 </a>
Nota pública Internet Archive
Holdings
Estatus retirado Estado de pérdida Estado de daño No para préstamo Colección Biblioteca de origen Biblioteca actual Ubicación en estantería Fecha de adquisición Fuente de adquisición Total de préstamos Signatura topográfica completa Código de barras Visto por última vez Precio de reemplazo Tipo de ítem Koha
        Colección digital Biblioteca del Ateneo de Madrid Biblioteca del Ateneo de Madrid Depósito 2 17/01/2008     G-4014 1159366 23/02/2023 23/02/2023 Libro impreso antiguo